• 首页
  • 本馆介绍
  • 公告通知
  • 最新文献
  • 馆藏检索
  • 电子资源
  • 读者导购
  • 参考咨询
  • 我的图书馆
  • 登录
  • 详细信息显示
  • 放入我的书架
  • 预约/预借图书
  • 作者相关作品
  • 分类相关作品
  • 丛书相关作品
  • 出版社相关作品

书目信息

  • 表格格式
  • 工作单格式
  • 卡片格式
题名:
平版制版化学
    
 
作者: 俞永年 编
分册: 上  
出版信息: 北京   轻工业出版社  1980-1982
页数: 264页
开本: 21cm
丛书名:
单 册:
中图分类: TS823
科图分类:
主题词: 平版印刷
电子资源:
ISBN:
000 00622nam0 2200241 45
001 0180003441
005 20040518143851.2
010    @dCNY0.84
091    @a15042.1544
100    @a19950306f19801982em y0chiy0121 ea
101 0  @achi
102    @aCN@b110000
105    @ay z 000yy
106    @ar
200 10 @a平版制版化学@h上@Aping ban zhi ban hua xue@f俞永年编
210    @a北京@c轻工业出版社@d1980-1982
215    @a264页@d21cm
606 0  @a平版印刷
690    @aTS823
701  0 @a俞永年@Ayu yong nian@4编
801  0 @aCN@b上海图书馆@c20040518
801  2 @aCN@bNLC@c20040518
905    @f1@b160816@dTS823@e15:1
    
    平版制版化学.上/俞永年编.-北京:轻工业出版社,1980-1982
    264页;21cm
    
    
    ISBN :CNY0.84
    
●
相关链接 在E读中查询图书 在五车中查询图书 在当当中查询图书 在豆瓣中查询图书


正题名:平版制版化学     索取号:TS823/15:1         预约/预借

序号 登录号 条形码 馆藏地/架位号 状态 备注
1 0050800   001359880   第三借阅区/ [索取号:TS823/15:1] 在馆    
2 0050801   001359915   密集书库/ [索取号:TS823/15:1] 在馆    
3 0160816   001479457   密集书库/ [索取号:TS823/15:1] 在馆    
4 0160817   001479527   第二样本阅览室/ [索取号:TS823/15:1] 在馆    
唐山师范学院图书馆 欢迎您!
大连网信软件有限公司© 版权所有